CS2 Skins - Statistiken

Allgemein
  • Dieses Quiz wurde 133 mal gespielt
  • Das Durchschnittsergebnis liegt bei 10 aus 16
Antwortstatistiken
Bildquiz Antwort % Korrekt
AK-47 | Asiimov
99%
AK-47 | Wild Lotus
85%
AK-47 | Elite Build
82%
AK-47 | Aquamarine Revenge
72%
M4A1-S | Mecha Industries
72%
AWP | Desert Hydra
71%
AWP | The Prince
70%
M4A1-S | Knight
68%
AWP | Gungnir
67%
M4A4 | The Emperor
62%
M4A4 | Desolate Space
58%
M4A1-S | Welcome to the Jungle
55%
M4A1-S | Chantico's Fire
52%
AWP | Oni Taiji
48%
M4A4 | Eye of Horus
46%
M4A4 | Temukau
38%
Keine übereinstimmenden Quizze gefunden
Verteilung der Resultate
Anzahl Personen mit jedem Resultat
Perzentil nach korrekt beantworteten Fragen
Ihre Resultats-Entwicklung
Sie haben dieses Quiz noch nicht gespielt